[Event "69. BEM 2015"]
[Site "Dortmund"]
[Date "2015.03.18"]
[Round "9.1"]
[White "Zachos, Ingo"]
[Black "Ries, Benjamin"]
[Result "0-1"]
[WhiteElo "1894"]
[BlackElo "2005"]
[Annotator "Schulenburg,Pit"]
[PlyCount "152"]
[EventDate "2015.??.??"]
[WhiteTeam "SV Eichlinghofen"]
[BlackTeam "SF Brackel"]

1. Nf3 d5 2. c4 c6 3. b3 Bg4 4. Bb2 Nd7 5. g3 e6 6. Bg2 Ngf6 7. O-O Bd6 8. d3
Qe7 9. Nbd2 O-O 10. a3 a5 11. Qc2 h6 12. Rfe1 e5 13. e4 dxe4 14. dxe4 Rfd8 15.
h3 Be6 16. Nh4 g6 17. Kh1 Bc7 18. Bc3 Ne8 19. b4 Nd6 20. Bf1 b5 21. c5 Nb7 $6 {
Der Springer hätte wohl nach e8 zurückkehren sollen. Auf b7 bleibt er für
lange Zeit vom Spiel ausgeschlossen.} (21... Ne8 $11) 22. Qb2 Kh7 23. Nhf3 f6
24. Bg2 Nf8 25. Ng1 Rd3 26. Bf1 Rd7 27. Ne2 g5 28. Ng1 Ng6 29. Be2 Rad8 30. Nf1
a4 {Schwarz möchte offensichtlich seinen Läufer nach b3 stellen, um die
d-Linie fest in seine Hand zu bekommen. Allein, der Besitz der einzigen
offenen Linie ist hier von geringerem Wert, weil es für die schwarzen Türme
keine echten Einbruchsmöglichen gibt. Viel mehr ins Gewicht fällt statt dessen,
daß der Läufer die Kontrolle des schwachen Feldes f5 aufgeben wird ...} 31. Ne3
Bb3 32. Nf5 {Schwarz möchte offensichtlich seinen Läufer nach b3 stellen, um
die d-Linie fest in seine Hand zu bekommen. Allein, der Besitz der einzigen
offenen Linie ist hier von geringerem Wert, weil es für die schwarzen Türme
keine echten Einbruchsmöglichen gibt. Viel mehr ins Gewicht fällt statt dessen,
daß der Läufer die Kontrolle des schwachen Feldes f5 aufgeben wird ...} Qe8 33.
Qc1 Nf8 34. h4 Ne6 {Sehr riskant. Schwarz schneidet seinen Läufer b3
vorübergehend vom Hinterland ab.} 35. Kg2 {Eigentlich ein Räumungszug. Weiß
möchte einen oder beide Türme auf die sich bald öffnende h-Linie überführen ...
} Nd4 36. Bxd4 $1 {Den bedrohlichen Springer auf f5 zu behaupten ist wichtiger
als das Läuferpaar!} exd4 37. Bd3 Be5 $4 38. hxg5 hxg5 39. Nf3 $18 Kg8 40. Rh1
Rc7 41. Rh6 ({Besser war} 41. Rh2 Rdd7 42. Nh6+ Kf8 43. Nxe5 Qxe5 44. Ng4 Qe6
45. Rh8+ Ke7 46. Nh6 {und die Ankunft des zweiten weißen Springers auf f5
entscheidet!}) 41... Rdd7 42. Nxg5 (42. Nxe5 $1 Qxe5 (42... fxe5 43. Qxg5+ Rg7
44. Qh4) 43. f4 gxf4 (43... Qe8 44. fxg5 Rh7 45. g6 {usw.}) 44. gxf4 Qe8 45.
Qh1 Rh7 46. Kf2 $18) 42... fxg5 43. Qxg5+ Kf8 (43... Rg7 44. Nxg7 Rxg7 45. Qh4
Rg6 46. Rxg6+ Qxg6 47. Qe7 $18) 44. Rah1 Bg8 {Der zäheste Zug, der den
Anziehenden, der vielleicht schon mit der Aufgabe des Gegners rechnete,
erkennbar aus der Ruhe brachte.} 45. Rg6 {Das Beste. Nach wie vor ist die
schwarze Stellung eigentlich hoffnungslos.} Rg7 46. Nxg7 ({Nach der
Partiefortsetzung ist die Stellung plötzlich beinahe unklar. Der Kommentator,
wegen der Zeitnot von Schwarz als Schiedsrichter permanent zuschauend,
erwartete} 46. Rhh6 $1 {Es droht mächtig Tg6-f6+!} Rcf7 47. Nxg7 Rxg7 (47...
Bxg7 48. Rxc6 Bxh6 49. Qxh6+ Rg7 50. Rc7) 48. f4) (46. Rxg7 $2 Rxg7 $2 (46...
Bxg7) 47. Qc1) 46... Rxg7 47. Qf5+ (47. Rhh6 $1) 47... Rf7 48. Qg4 Bg7 49. Rh5
Nd8 {Eigentlich viel zu spät findet der deplazierte Springer zurück ins Spiel.}
50. Rhg5 ({Das beinahe schematische} 50. f4 {gefolgt von e4-e5 hätte das
schwarze Figurenknäuel zur Verzweiflung getrieben.}) 50... Qd7 51. Rd6 Qxg4 52.
Rxg4 {Auch nach dem Damentausch hat sich die Situation kaum verändert. Weiß
steht klar auf Gewinn.} Ke7 53. f4 Bh7 54. Kf3 Bf8 55. Rg5 Ke8 56. Re5+ Re7 57.
Rh5 $6 {Eine nicht zuletzt positionelle Fehlentscheidung!} ({Es ist eine alte
Regel, daß sich mit einem Turm gegen keinen Turm leichter spielen läßt als mit
zwei Türmen gegen einen! Der Verzicht auf den Turmtausch} 57. Rxe7+ {wird sich
noch bitter rächen, weil Schwarz nur so auf Gegenspiel hoffen kann. Es hätte
folgen können:} Kxe7 ({Oder} 57... Bxe7 58. Rh6 Bg8 59. e5) 58. Rxd4 {und in
beiden Fällen werden die weißen Freibauern den Gegner überrollen. Schwarz ist
dagegen machtlos.}) 57... Bg8 58. Rh8 (58. e5 $18 {zum Beispiel} Bd5+ 59. Rxd5
$1 cxd5 60. Bxb5+ Kf7 61. Ke2 {usw.}) 58... Rg7 59. Rf6 Be7 60. Rf5 $2 (60.
Rxc6 $1 Nxc6 61. Bxb5) (60. e5 $1 Bxf6 61. exf6) 60... Kd7 61. Rfh5 Nf7 62. e5
{Weiß findet die schlechteste Möglichkeit, sich von der Qualität zu trennen.
Die Stellung ist unklar geworden.} Nxh8 63. Rxh8 Bd5+ 64. Kf2 (64. Be4 Bxe4+
65. Kxe4 Rxg3 66. f5 d3 67. e6+ Kc7 68. Rh7 Kd8 69. Rh8+ Kc7 {mit Remis.})
64... Ke6 65. Rh6+ Kf7 66. f5 $4 $19 Bg5 $1 67. Rh3 Be3+ 68. Kf1 Rg4 (68... Bc1
) 69. Be2 Re4 (69... Bc4) 70. Rh7+ Kf8 71. e6 Bc4 72. Rd7 Bg5 73. Bxc4 bxc4 74.
f6 Bxf6 75. Rf7+ Ke8 76. Rxf6 c3 {und der Bauer ist nicht mehr aufzuhalten.
Weiß gab auf.} 0-1

[Event "69. BEM 2015"]
[Site "Dortmund"]
[Date "2015.03.18"]
[Round "9.2"]
[White "Henrichs, Th. (IM)"]
[Black "Grube, Jörg"]
[Result "1-0"]
[WhiteElo "2448"]
[BlackElo "1902"]
[PlyCount "69"]
[EventDate "2015.??.??"]
[WhiteTeam "SC Hansa Dortmund"]
[BlackTeam "FS 1898 Dortmund"]

1. c4 Nf6 2. Nc3 g6 3. e4 d6 4. d4 Bg7 5. Be2 O-O 6. Nf3 e5 7. d5 Ne8 8. h4 c6
9. h5 cxd5 10. cxd5 Bg4 11. hxg6 hxg6 12. Ng5 Bxe2 13. Qxe2 Nc7 14. Qg4 Nd7 15.
Qh3 Re8 16. Nf3 Nf8 17. Bh6 Bxh6 18. Qxh6 Qf6 19. Rh3 Re7 20. Ke2 Qg7 21. Qe3
Ne8 22. Rah1 f6 23. Nh4 Nh7 24. Nf3 Nf8 25. Nh2 Rc7 26. Ng4 Kf7 27. Rh8 Ke7 28.
Nh6 Kd8 29. Rg8 Qe7 30. Ng4 Nh7 31. Rxh7 Qxh7 32. Rxe8+ Kxe8 33. Nxf6+ Kf8 34.
Nxh7+ Rxh7 35. Nb5 1-0

[Event "69. BEM 2015"]
[Site "Dortmund"]
[Date "2015.03.18"]
[Round "9.6"]
[White "Hillebrand, Carst"]
[Black "Rahner, Norbert"]
[Result "1/2-1/2"]
[WhiteElo "1853"]
[BlackElo "1681"]
[PlyCount "42"]
[EventDate "2015.??.??"]
[WhiteTeam "FS 1898 Dortmund"]
[BlackTeam "SG Mengede"]

1. c4 c5 2. g3 Nc6 3. Bg2 e6 4. Nf3 Nf6 5. O-O d5 6. cxd5 exd5 7. d4 cxd4 8.
Nxd4 Bc5 9. Nxc6 bxc6 10. Qc2 Qe7 11. Bg5 Bd7 12. Nd2 Bb6 13. e4 h6 14. Bxf6
Qxf6 15. exd5 cxd5 16. Rae1+ Kf8 17. Bxd5 Rc8 18. Qb3 g5 19. Ne4 Qg6 20. Rd1
Bh3 21. Rfe1 Kg7 1/2-1/2

[Event "69. BEM 2015"]
[Site "Dortmund"]
[Date "2015.03.18"]
[Round "9.7"]
[White "Horenburg, Oliver"]
[Black "Raskin, Vitali"]
[Result "1-0"]
[WhiteElo "1760"]
[BlackElo "1610"]
[PlyCount "117"]
[EventDate "2015.??.??"]
[WhiteTeam "SV Eichlinghofen"]
[BlackTeam "FS 1898 Dortmund"]

1. d4 d5 2. Nf3 Nf6 3. e3 Bg4 4. Bd3 Nc6 5. h3 Bh5 6. c3 e5 7. dxe5 Bxf3 8.
Qxf3 Nxe5 9. Qe2 Nxd3+ 10. Qxd3 Bd6 11. Qb5+ Qd7 12. Qxb7 O-O 13. Nd2 Rfb8 14.
Qa6 Rb6 15. Qd3 c5 16. O-O Re8 17. Nf3 c4 18. Qc2 Ne4 19. b3 Bc7 20. Rd1 Rg6
21. Kf1 Qf5 22. Qb2 Qh5 23. bxc4 dxc4 24. Qb7 Bb6 25. Qd7 Rge6 26. Rd5 f5 27.
Ba3 Nf6 28. Qb5 Nxd5 29. Qxd5 Qf7 30. Ng5 Qf6 31. Nxe6 Qxe6 32. Qxe6+ Rxe6 33.
Rd1 h6 34. g3 Rc6 35. Rd5 g6 36. Ke2 Kf7 37. f4 Ke6 38. Re5+ Kf7 39. Kf3 Re6
40. Rxe6 Kxe6 41. Bf8 h5 42. e4 fxe4+ 43. Kxe4 Bf2 44. g4 hxg4 45. hxg4 a6 46.
Bg7 Bc5 47. Be5 Bb6 48. f5+ gxf5+ 49. gxf5+ Kf7 50. Kd5 Bd8 51. Kxc4 Bb6 52.
Kd5 Ke7 53. Kc6 Be3 54. c4 a5 55. Kb5 Bd2 56. c5 Be3 57. c6 Bd2 58. Kb6 Kd8 59.
Kb7 1-0

[Event "69. BEM 2015"]
[Site "Dortmund"]
[Date "2015.03.18"]
[Round "9.8"]
[White "Schütz, Ralf"]
[Black "Brendemühl, B."]
[Result "1/2-1/2"]
[WhiteElo "1739"]
[BlackElo "1894"]
[PlyCount "87"]
[EventDate "2015.??.??"]
[WhiteTeam "61515/FS 98 Dortmund"]
[BlackTeam "FS 1898 Dortmund"]

1. e4 c5 2. Nf3 g6 3. d4 cxd4 4. Nxd4 Bg7 5. c4 Nc6 6. Be3 Nf6 7. Nc3 O-O 8.
Be2 d6 9. O-O Bd7 10. Rb1 a6 11. h3 Nxd4 12. Bxd4 Bc6 13. Qd3 b5 14. Qe3 bxc4
15. Bxc4 Qc8 16. Rfc1 Qb7 17. Bd5 Bxd5 18. Bxf6 Bc6 19. Bxg7 Kxg7 20. b4 Rfc8
21. Qd4+ Kg8 22. Nd5 Bxd5 23. Qxd5 Qb5 24. Kh2 Rab8 25. Qxb5 axb5 26. Kg3 Ra8
27. Rxc8+ Rxc8 28. Rb3 Rc2 29. a3 Kg7 30. f4 h6 31. Kf3 g5 32. g3 Kg6 33. Re3
Rh2 34. e5 gxf4 35. exd6 exd6 36. Rd3 fxg3 37. Rxd6+ Kg7 38. Kxg3 Ra2 39. Rd3
Ra1 40. Kh4 Rg1 41. Rd5 Ra1 42. Rxb5 Rxa3 43. Kg4 Rb3 44. Kh4 1/2-1/2

[Event "69. BEM 2015"]
[Site "Dortmund"]
[Date "2015.03.18"]
[Round "9.9"]
[White "Kartsev, Nikolaj"]
[Black "Fork, Raphael"]
[Result "0-1"]
[WhiteElo "1616"]
[BlackElo "1844"]
[PlyCount "96"]
[EventDate "2015.??.??"]
[WhiteTeam "SF Brackel"]
[BlackTeam "Matt Inn"]

1. e4 c5 2. Nf3 g6 3. d4 cxd4 4. Qxd4 Nf6 5. e5 Nc6 6. Qd1 Nxe5 7. Nxe5 Qa5+ 8.
Bd2 Qxe5+ 9. Qe2 Qxb2 10. Bc3 Qc1+ 11. Qd1 Qxd1+ 12. Kxd1 Bg7 13. Na3 O-O 14.
Nb5 a6 15. Nc7 Rb8 16. a4 d5 17. Rb1 Bg4+ 18. f3 Bd7 19. Be5 Bxa4 20. Nxa6 Rbc8
21. Nc7 Bc6 22. Bb5 Nh5 23. Bxg7 Kxg7 24. Bxc6 bxc6 25. Na6 Ra8 26. Rb6 Rfe8
27. Kd2 Nf6 28. Nb4 c5 29. Nxd5 c4 30. Nb4 Rab8 31. Rxb8 Rxb8 32. Nc6 Rb7 33.
Re1 e6 34. Kc3 h5 35. Kd4 Nd7 36. Ne5 Nxe5 37. Rxe5 Kf6 38. f4 Rb1 39. Re2 Rf1
40. g3 Rf3 41. Kc5 h4 42. Rg2 hxg3 43. hxg3 Kf5 44. Kd4 Kg4 45. Ke5 Rxg3 46.
Rf2 Re3+ 47. Kf6 Rf3 48. Rg2+ Kh3 0-1

[Event "69. BEM 2015"]
[Site "Dortmund"]
[Date "2015.03.18"]
[Round "9.10"]
[White "Ziemek, Gerhard"]
[Black "Büchle, Manfred"]
[Result "0-1"]
[WhiteElo "1627"]
[BlackElo "1828"]
[PlyCount "64"]
[EventDate "2015.??.??"]
[WhiteTeam "SVg Marten-Bövinghsn."]
[BlackTeam "SV Eichlinghofen"]

1. d4 d5 2. c4 e6 3. Nc3 Nf6 4. cxd5 exd5 5. Bg5 Be7 6. Nf3 O-O 7. a3 c6 8. Bh4
Bf5 9. Nd2 Nbd7 10. f3 c5 11. dxc5 Nxc5 12. b4 d4 13. Ncb1 Ne6 14. Nc4 Rc8 15.
e4 dxe3 16. Nxe3 Bg6 17. Be2 Qb6 18. Bf2 Rfd8 19. Qa4 Rc1+ 20. Nd1 Qc7 21. Qb3
Qe5 22. Nbc3 Rxa1 23. O-O Nd4 24. Bxd4 Qxd4+ 25. Kh1 Bd3 26. Qb2 Bxe2 27. Qxe2
Bf8 28. h3 Qd3 29. Qf2 Rxa3 30. Ne4 Nxe4 31. fxe4 Qxf1+ 32. Qxf1 Ra1 0-1

[Event "69. BEM 2015"]
[Site "Dortmund"]
[Date "2015.03.18"]
[Round "9.11"]
[White "Pachura, K.-H."]
[Black "Cogan, Leonid"]
[Result "0-1"]
[WhiteElo "1353"]
[BlackElo "1710"]
[PlyCount "40"]
[EventDate "2015.??.??"]
[WhiteTeam "SF Brackel"]
[BlackTeam "SU Huck.-Westerfilde"]

1. e4 c5 2. Nc3 e6 3. f4 g6 4. Nf3 Bg7 5. e5 d5 6. Bb5+ Nc6 7. O-O Nge7 8. d3
O-O 9. Bxc6 Nxc6 10. Ne2 f6 11. d4 Qb6 12. Kh1 cxd4 13. Nexd4 Nxd4 14. Nxd4
fxe5 15. fxe5 Rxf1+ 16. Qxf1 Qxd4 17. c3 Qxe5 18. Bd2 Bd7 19. Re1 Qf6 20. Qe2
Rf8 0-1

[Event "69. BEM 2015"]
[Site "Dortmund"]
[Date "2015.03.18"]
[Round "9.12"]
[White "Rauschenbusch, U."]
[Black "Kawka, Bogdan"]
[Result "1-0"]
[WhiteElo "1618"]
[BlackElo "1272"]
[PlyCount "51"]
[EventDate "2015.??.??"]
[WhiteTeam "FS 1898 Dortmund"]
[BlackTeam "FS 1898 Dortmund"]

1. a3 g6 2. e4 Bg7 3. d4 d6 4. Nf3 Nc6 5. Be3 e5 6. d5 Nb8 7. Bb5+ Bd7 8. Qd3
Ne7 9. Nbd2 O-O 10. Bxd7 Nxd7 11. g4 h6 12. O-O-O Nf6 13. Rdg1 Nh7 14. h4 c6
15. Kb1 cxd5 16. exd5 Qd7 17. Ne4 b5 18. Qd2 Rac8 19. Bxh6 Rc4 20. Bxg7 Kxg7
21. Qd3 Rfc8 22. h5 a5 23. hxg6 Nxg6 24. Rxh7+ Kf8 25. Nfg5 Nf4 26. Qf3 1-0

[Event "69. BEM 2015"]
[Site "Dortmund"]
[Date "2015.03.18"]
[Round "9.13"]
[White "Simon, Stefan"]
[Black "Zabel, Reinhard"]
[Result "0-1"]
[WhiteElo "1484"]
[BlackElo "1461"]
[PlyCount "122"]
[EventDate "2015.??.??"]
[WhiteTeam "SVG Marten-Bövinghausen"]
[BlackTeam "Doppelbauer Brambauer"]

1. e4 e5 2. Nf3 Nf6 3. Nxe5 d6 4. Nf3 Nxe4 5. d4 d5 6. Nbd2 Bg4 7. Be2 Bd6 8.
Nxe4 dxe4 9. Ng5 Bf5 10. Bc4 Bg6 11. O-O O-O 12. Re1 Re8 13. Bd2 h6 14. Nh3 Qf6
15. c3 Nd7 16. Qb3 Nb6 17. d5 Nxc4 18. Qxc4 Re7 19. Qb5 c6 20. dxc6 bxc6 21.
Qc4 Rae8 22. Re3 Bf5 23. Rae1 Be6 24. Qa4 Bc5 25. Qxc6 Bxe3 26. Bxe3 Rc8 27.
Qa6 Bxh3 28. Qxf6 gxf6 29. gxh3 Kg7 30. Bd4 Kg6 31. Re3 Kf5 32. Rg3 a6 33. Rg4
h5 34. Rg3 Ke6 35. Kf1 Ree8 36. Re3 f5 37. Ke2 Kd5 38. Rg3 Rg8 39. Ke3 h4 40.
Rxg8 Rxg8 41. Bf6 Rg2 42. Bxh4 Rxh2 43. Kf4 Rxh3 44. Bg3 Ke6 45. Ke3 Rh1 46.
Kd4 Rd1+ 47. Kc4 Rg1 48. Bf4 Rg4 49. Be3 f4 50. Bd4 e3 51. fxe3 fxe3 52. Kd3
Rg2 53. Bxe3 Rxb2 54. a3 Rb3 55. Bc5 f5 56. Kc2 Rb5 57. Bb4 Rd5 58. c4 Rd7 59.
c5 f4 60. Bd2 f3 61. Kd1 f2 0-1

[Event "69. BEM 2015"]
[Site "Dortmund"]
[Date "2015.03.18"]
[Round "9.14"]
[White "Grawe, Herbert"]
[Black "Gegner, Michael"]
[Result "1/2-1/2"]
[WhiteElo "1339"]
[BlackElo "1478"]
[PlyCount "59"]
[EventDate "2015.??.??"]
[WhiteTeam "Dortmunder SV"]
[BlackTeam "Dortmunder SV"]

1. g3 g5 2. Bg2 Bg7 3. Nf3 h6 4. e4 e5 5. Nc3 d6 6. d3 Ne7 7. h4 g4 8. Nh2 h5
9. Ne2 Nd7 10. c3 Nf6 11. Bg5 Be6 12. Qc2 Qd7 13. O-O Ng6 14. b3 Nh7 15. Be3
Bf6 16. d4 c6 17. d5 cxd5 18. exd5 Bf5 19. Be4 Bxe4 20. Qxe4 Bg7 21. Nd4 Nf6
22. Qd3 exd4 23. Bxd4 O-O 24. c4 Ne5 25. Qc3 Ne4 26. Qe3 Rfe8 27. Qf4 Kh7 28.
Qxe4+ f5 29. Qc2 Qf7 30. Rad1 1/2-1/2

[Event "69. BEM 2015"]
[Site "Dortmund"]
[Date "2015.03.18"]
[Round "9.15"]
[White "Benke, Werner"]
[Black "Pennekamp, Christ"]
[Result "0-1"]
[WhiteElo "1427"]
[BlackElo "1194"]
[PlyCount "58"]
[EventDate "2015.??.??"]
[WhiteTeam "SC Hansa Dortmund"]
[BlackTeam "SC Hansa Dortmund"]

1. d4 Nf6 2. Nf3 g6 3. Nbd2 Bg7 4. e4 d6 5. Bd3 Nbd7 6. O-O O-O 7. c3 c5 8. h3
Nb8 9. Re1 Nc6 10. Bc2 cxd4 11. cxd4 Nh5 12. Nc4 e5 13. Be3 b5 14. Na3 a6 15.
Bb3 Bd7 16. Bg5 Nf6 17. Qd2 Qb6 18. Be3 Nxe4 19. Qd3 Bf5 20. Qd1 exd4 21. Bf4
d3 22. Rb1 Nxf2 23. Be3 Nxd1 24. Bxb6 Nxb2 25. Bd5 Rac8 26. Be3 Nb4 27. Bb3 Nc2
28. Nxc2 dxc2 29. Rbc1 Nd3 0-1

[Event "69. BEM 2015"]
[Site "Dortmund"]
[Date "2015.03.18"]
[Round "9.16"]
[White "Wangrin, Stefan"]
[Black "Völler, Lothar"]
[Result "0-1"]
[WhiteElo "1169"]
[BlackElo "1597"]
[PlyCount "84"]
[EventDate "2015.??.??"]
[WhiteTeam "FS 1898 Dortmund"]
[BlackTeam "FS 1898 Dortmund"]

1. c4 f5 2. d3 Nf6 3. Nc3 e6 4. Bg5 Be7 5. e4 fxe4 6. Nxe4 O-O 7. Nxf6+ Bxf6 8.
Bxf6 Qxf6 9. Qe2 Nc6 10. Nf3 e5 11. Qd2 d6 12. h3 Bf5 13. a3 Rae8 14. O-O-O b6
15. g4 Bxg4 16. hxg4 Qxf3 17. Rh2 Nd4 18. Bg2 Nb3+ 19. Kc2 Nxd2 20. Bxf3 Nxf3
21. Rh3 Nd4+ 22. Kb1 Rxf2 23. Rdh1 Ref8 24. Ka2 h6 25. g5 Nf5 26. gxh6 Nxh6 27.
Rg1 Kh7 28. Rhg3 R8f7 29. Rh1 R2f3 30. Rg2 Rxd3 31. Rc2 Re7 32. Rf1 e4 33. Rf8
e3 34. c5 e2 35. cxd6 e1=Q 36. Rxc7 Rxc7 37. dxc7 Qe6+ 38. Kb1 Qc6 39. c8=Q
Rd1+ 40. Ka2 Qd5+ 41. b3 Qd2+ 42. Qc2+ Qxc2# 0-1

[Event "69. BEM 2015"]
[Site "Dortmund"]
[Date "2015.03.18"]
[Round "9.17"]
[White "Kesselmeier, Klaus"]
[Black "Schlettig, Achim"]
[Result "0-1"]
[WhiteElo "1404"]
[BlackElo "1206"]
[PlyCount "60"]
[EventDate "2015.??.??"]
[WhiteTeam "SF Brackel"]
[BlackTeam "FS 1898 Dortmund"]

1. e4 e5 2. Nf3 Nc6 3. Bb5 a6 4. Ba4 Nf6 5. d3 d6 6. h3 Bd7 7. Bb3 Na5 8. c3
Nxb3 9. Qxb3 Bc6 10. Bg5 h6 11. Be3 Be7 12. Nbd2 b5 13. O-O O-O 14. Rac1 Qc8
15. Nh2 d5 16. f3 Qb7 17. Qc2 Rac8 18. Rfe1 Rfd8 19. Nhf1 dxe4 20. dxe4 Nh5 21.
Nb3 Nf4 22. Bxf4 exf4 23. Rcd1 Qb6+ 24. Kh1 Rd6 25. Nd4 Bd7 26. e5 Rg6 27. Ne2
Qf2 28. Qxg6 fxg6 29. Rxd7 Qxe1 30. Rxe7 Qxf1+ 0-1

[Event "69. BEM 2015"]
[Site "Dortmund"]
[Date "2015.03.18"]
[Round "9.18"]
[White "Sobottka, H.-G."]
[Black "Jentzsch, W.W."]
[Result "0-1"]
[WhiteElo "989"]
[BlackElo "1318"]
[PlyCount "26"]
[EventDate "2015.??.??"]
[WhiteTeam "Dortmunder SV"]
[BlackTeam "SF Brackel"]

1. c4 e6 2. g3 d5 3. e3 dxc4 4. Bxc4 Nf6 5. Ne2 Nc6 6. O-O Ne5 7. Bb5+ c6 8.
Ba4 b5 9. Bb3 Bb7 10. f4 Nd3 11. Qc2 c5 12. a4 c4 13. Ba2 Qd5 0-1

[Event "69. BEM 2015"]
[Site "Dortmund"]
[Date "2015.03.18"]
[Round "9.19"]
[White "Bensch, Christian"]
[Black "Haufe, Ulrich"]
[Result "1-0"]
[WhiteElo "1160"]
[BlackElo "1292"]
[Annotator "Schulenburg,Pit"]
[PlyCount "87"]
[EventDate "2015.??.??"]
[WhiteTeam "SC Wambel"]
[BlackTeam "SU Huck.-Westerfilde"]

1. e4 e5 2. Nf3 Nc6 3. Bc4 Nd4 4. c3 Nxf3+ 5. Qxf3 Nf6 6. d3 c6 7. Bg5 Be7 8.
O-O O-O 9. b4 d5 10. Bb3 Bg4 11. Qe3 d4 12. cxd4 exd4 13. Qd2 Qd6 14. a3 Qe5
15. f4 Qc7 16. Qf2 Rad8 17. Nd2 b5 18. Rac1 h6 19. Bxf6 Bxf6 20. e5 Be7 21. Qg3
Bf5 22. Qf3 Rc8 23. Bd5 Bd7 24. Be4 Qb6 25. Nb3 Rc7 26. Qf2 c5 27. bxc5 Bxc5
28. Nxc5 Rxc5 29. Qb2 Rc3 30. Kh1 Rfc8 31. Rxc3 dxc3 32. Qb3 c2 33. Rc1 Qe3 34.
Qb2 Qd2 35. h3 Qd1+ 36. Kh2 Qe2 37. Qb3 Be8 38. e6 Rc7 39. exf7+ Bxf7 40. Qxb5
Be8 $4 41. Qe5 $4 (41. Qxe8#) 41... Rf7 $4 42. Qxe8+ Rf8 43. Bh7+ Kxh7 44. Qxe2
1-0

[Event "69. BEM 2015"]
[Site "Dortmund"]
[Date "2015.03.18"]
[Round "9.20"]
[White "Schleuß, Jürgen"]
[Black "Schmidt, Andreas"]
[Result "0-1"]
[WhiteElo "1253"]
[BlackElo "1026"]
[PlyCount "82"]
[EventDate "2015.??.??"]
[WhiteTeam "Dortmunder SV"]
[BlackTeam "FS 1898 Dortmund"]

1. e4 e5 2. Nf3 Nc6 3. c3 d6 4. Be2 Nf6 5. d4 Bd7 6. Bg5 h6 7. Bh4 g5 8. Bg3 g4
9. Nfd2 exd4 10. cxd4 Nxd4 11. Nc4 Nxe2 12. Qxe2 Qe7 13. Nc3 O-O-O 14. Rd1 Bc6
15. Nd2 h5 16. Bh4 Bg7 17. O-O Rhe8 18. Rfe1 Qd7 19. b4 a6 20. f4 Bb5 21. Qf2
Qc6 22. e5 dxe5 23. fxe5 g3 24. Bxg3 Ng4 25. Qf5+ Rd7 26. Nde4 Qb6+ 27. Nc5 Nh6
28. Qxd7+ Bxd7 29. Kh1 Qxb4 30. Nxd7 Qxc3 31. Nb6+ Kb8 32. Nd7+ Ka8 33. Rc1 Qd2
34. Rxc7 Nf5 35. Nb6+ Ka7 36. Nc8+ Kb8 37. Rec1 Nxg3+ 38. hxg3 Rxe5 39. R7c2
Re1+ 40. Rxe1 Qxe1+ 41. Kh2 Be5 0-1

[Event "69. BEM 2015"]
[Site "Dortmund"]
[Date "2015.03.18"]
[Round "9.21"]
[White "Wilkins, Petra"]
[Black "Reker, Gerhard"]
[Result "1-0"]
[WhiteElo "1041"]
[BlackElo "874"]
[PlyCount "101"]
[EventDate "2015.??.??"]
[WhiteTeam "SC Hansa Dortmund"]
[BlackTeam "FS 1898 Dortmund"]

1. d4 Nf6 2. c4 e6 3. Nc3 Bb4 4. Bd2 O-O 5. Qc2 Nc6 6. Nf3 Bxc3 7. Bxc3 d6 8.
Rd1 d5 9. e3 Ne4 10. Bd3 Kh8 11. O-O Nxc3 12. bxc3 f5 13. c5 b6 14. Bb5 Bb7 15.
Bxc6 Bxc6 16. Ne5 Bb5 17. Rfe1 bxc5 18. dxc5 Qe8 19. c4 Ba4 20. Qd3 Bxd1 21.
Rxd1 Rd8 22. Rb1 c6 23. Qb3 Rb8 24. Qd1 Rxb1 25. Qxb1 Qc8 26. Qd1 Qc7 27. f4
Rc8 28. Qh5 Rf8 29. Ng6+ Kg8 30. Nxf8 Kxf8 31. Qxh7 Qa5 32. Qh8+ Kf7 33. h3
Qxc5 34. Qh5+ Kf6 35. Kf2 Qxc4 36. Qg5+ Kf7 37. a3 Qa2+ 38. Kf1 Qxa3 39. Qh5+
Kf6 40. Kf2 a5 41. Qe8 Qb2+ 42. Kf3 Qb5 43. Qd8+ Kf7 44. h4 a4 45. h5 a3 46.
Qd7+ Kf6 47. Qa7 Qf1+ 48. Kg3 Qa1 49. Qc5 Qe1+ 50. Kf3 a2 51. Qf8# 1-0

[Event "69. BEM 2015"]
[Site "Dortmund"]
[Date "2015.03.18"]
[Round "9.22"]
[White "Dirks, Rainer"]
[Black "Böckmann, Lilo"]
[Result "0-1"]
[WhiteElo "1150"]
[BlackElo "1083"]
[PlyCount "50"]
[EventDate "2015.??.??"]
[WhiteTeam "FS 1898 Dortmund"]
[BlackTeam "FS 1898 Dortmund"]

1. e4 e6 2. d4 d5 3. Nc3 Bb4 4. a3 Bxc3+ 5. bxc3 dxe4 6. Qg4 g6 7. Qxe4 Bd7 8.
d5 Ne7 9. dxe6 Bxe6 10. Qxb7 Bd5 11. Qb2 O-O 12. Bh6 Nf5 13. Bxf8 Qxf8 14. Bd3
Qe8+ 15. Ne2 Bxg2 16. Rg1 Nh4 17. O-O-O Nc6 18. Rde1 Rb8 19. Qa2 Qd8 20. Bc4
Qg5+ 21. f4 Qf6 22. f5 Qxf5 23. Bd3 Qg5+ 24. Kd1 Nf3 25. Ref1 Qd2# 0-1